For God was with them: (Record no. 5100)

000 -LEADER
fixed length control field 00618nam a2200181 a 4500
001 - CONTROL NUMBER
control field :::00002841$&:&@@
003 - CONTROL NUMBER IDENTIFIER
control field OkBaRHE
005 - DATE AND TIME OF LATEST TRANSACTION
control field 20000607103257.0
008 - FIXED-LENGTH DATA ELEMENTS--GENERAL INFORMATION
fixed length control field s1939 j 000 0 eng u
040 ## - CATALOGING SOURCE
Transcribing agency
100 1# - MAIN ENTRY--PERSONAL NAME
Personal name Woods, T. E. P.
245 10 - TITLE STATEMENT
Title For God was with them:
Remainder of title some of God's messages through the lives of men and women of the past.
260 ## - PUBLICATION, DISTRIBUTION, ETC. (IMPRINT)
Place of publication, distribution, etc Grand Rapids, MI., :
Name of publisher, distributor, etc Wm. B. Eerdmans Publishing Co.
Date of publication, distribution, etc c1939
300 ## - PHYSICAL DESCRIPTION
Extent 150 p. ;
Dimensions 20 cm.
650 ## - SUBJECT ADDED ENTRY--TOPICAL TERM
Topical term or geographic name as entry element Bible
General subdivision Biography
942 ## - ADDED ENTRY ELEMENTS (KOHA)
Source of classification or shelving scheme
Koha item type Books
Copies
Shelving location Permanent Location Not for loan Barcode Source of classification or shelving scheme Full call number Lost status Withdrawn status Koha item type Price effective from Copy number Date last seen Date acquired Damaged status
General StacksRHEMA Bible Training College 2841 BS 2430 .W6F6  Books2010-04-1412018-03-162010-04-14